Mha : My Hero Academia alter vf - Statistiques

Statistiques générales
  • Ce quiz a été pris 372 fois
  • Le résultat moyen est 13 sur 181
Statistiques - réponses
Name : Réponse % Correct
All Might/Izuku Midoriya One for all
74%
Mina Ashido Acide
64%
All For One/Tenko Shimura(Shigaraki)/Nine All for one
61%
Katsuki Bakugo Explosion
51%
Rei Todoroki, …. Glace
47%
Tsuyu Asui Grenouille
44%
Tetsutetsu Tetsutetsu Acier
34%
Momo Yaoyorozu Création
34%
Eijiro Kirishima Durcissement
34%
Denki Kaminari Électricité
34%
Fumikage Tokoyami Dark shadow
27%
Shoto Todoroki Glace et feu
27%
Ochaco Uraraka Gravité zéro
27%
Toru Hagakure Invisibilité
27%
Shota Aizawa Effacement
24%
Cementos Ciment
21%
Neito Monoma Copie
21%
Tenya Iida Engine
16%
Shikkui Makabe Renforcement
16%
Kyoka Jiro/Mika Jiro Earphone Jack
15%
Hitoshi Shinso Lavage de cerveau
15%
Yuga Aoyama Nombrilaser
15%
Ryukyu Dragon
14%
Mount Lady/Gigantomachia Gigantisme
14%
???/All For One/Lady Nagant Lévitation
14%
Nana Shimura/Izuku Midoriya Voltige
14%
Minoru Mineta Boing boing
13%
Hawks Ailes d’aciers
12%
Ectoplasm Clones
12%
Tomura Shigaraki Désintégration
12%
Enji Todoroki Hell Flame
12%
Himiko Toga Métamorphose
12%
Hanta Sero Ruban adhésif
12%
Mirio Togata Perméabilité
11%
Shihai Kuroiro Black
9%
Edgeshot Corps de papier
8%
Rumi Usagiyama Lapin
8%
Kugo Sakamata Orque
8%
Kai Chisaki Overhaul
8%
Rikiya Yotsubashi Stress
8%
Mezo Shoji Bras cloneurs
7%
Kinoko Komori Champignon
7%
Ryo Inui/Gigantomachia Chien
7%
Crématorium/Toya Todoroki Crémation
7%
Setsuna Tokage Division
7%
Mustard Gaz
7%
Koji Koda La voix du vivant
7%
Eri Rembobinage
7%
???/Brainless Absorption de chocs
6%
Manami Aiba Amour
6%
Dieu Sylvestre Arborescence
6%
Chizome Akaguro Coagulation
6%
Fat Gum Graisse absorbante
6%
Star and Stripe New order
6%
Saiko Intelli Q.I.
6%
Juzo Honenuki Ramollissement
6%
Tamaki Amajiki Assimilation
5%
Jurota Shishida Beast
5%
3ème détenteur One For All/Izuku Midoriya Fa Jin
5%
X-Less Laser
5%
Beast Jeanist Maîtrise des fibres
5%
Ibara Shiozaki Ronces
5%
Rikido Sato Sugar dope
5%
Manual Alter de manual
4%
Seiji Shishikura Boucherie
4%
Manga Fukidashi Comics
4%
Atsuhiro Sako Compress
4%
Pony Tsunotori Cornes canon
4%
Nezu Haute perf.
4%
Yui Kodai Minimax
4%
Nemuri Kayama Parfum soporifique
4%
Tatami Nakagame Pliage
4%
Gran Torino Réacteurs
4%
Tomoko Shiretoko/All For One/Tomura Shigaraki Recherche
4%
???/All For One Absorption et renvoi
3%
Katsuma Activation cellulaire
3%
Banjyo Daigoro/Izuku Midoriya Black whip
3%
Kaoruko Awata Bulles
3%
Invisible Wall Caméléon
3%
Black Mist Création de portails
3%
Tsuin Inpakuto Double impact
3%
Lady Nagant Fusil
3%
Yosetsu Awase Fusion
3%
Shuichi Iguchi Gecko
3%
Vlad King Manipulation du sang
3%
Oboro Shirakumo Nuage
3%
Kosei Tsuburaba Solidification de l’air
3%
Tora Souplesse
3%
???/All for One Activation forcée d’alter
2%
Ninja rouge Agrandissement
2%
Muscular/All For One/High End Augmentation musculaire
2%
Hekiji Tengai Barrière
2%
Itejiro Toteki Boomerang
2%
Makoto Tsukauchi Détecteur de mensonges
2%
Camie Utsushimi Ensorcellement
2%
Ryuko Tsuchikawa Flot de terre
2%
Kenji Hikiishi Force magnétique
2%
Bare Handeath Force surhumaine
2%
Itsuka Kendo Giant Fists
2%
Mitsuki Bakugo Glycérine
2%
Sirius Good ear
2%
Moonfish Manipulation dentaire
2%
???/All For One Méga-muscles
2%
Nine Météo
2%
Reiko Yanagi Poltergeist
2%
High End Puissance
2%
Fourth Kind Quatre bras
2%
Togaru Kamakiri Rasoir
2%
Chiyo Shuzenji Récupération
2%
???/All For One Renvoi d’impact
2%
???/All For One Ressort
2%
Kazuho Haneyama Saut
2%
Kagero Okuta Amnésie
1%
??? Conseiller du front de libération du paranormal Amplivolt
1%
Daikaku Miyagi Big Horn
1%
Deidoro Sakaki Biture
1%
Chojuro Kon Chimère
1%
Hari Kurono Chronostasis
1%
Wash Clean bubbles
1%
Shin Nemoto Confession
1%
Yu Hojo Cristallisation
1%
Hikage Shinomori / Izuku Midorya Détection du danger
1%
Dictator Dicton
1%
David Shield Doigts flexibles
1%
Twice/Mocha Duplicité
1%
Kyudai Garaki/Tomura Shigaraki/All For One Force vitale
1%
Takeshi Busujima Gaz toxique
1%
Koichi Haimawari Glissade
1%
Soramitsu Tabe Glouton
1%
Mr. Brave Hair-raiser
1%
Nine Hydre
1%
Nagamasa Mora Hypertrichose
1%
???/All For One Infrarouge
1%
All For One Lance d’os
1%
Kuin Hachisuka/Kazuho Haneyama La reine des abeilles
1%
Woman Liquéfaction
1%
Majestic Magie
1%
Juzo Moashi Mille-pattes
1%
Mimic Mimétisme
1%
Chitose Kizuki Mine
1%
Higari Maijima/Sickle Claw Ongles d’acier
1%
Habuko Mongoose Paralysation
1%
Toya Setsuno Pickpocket
1%
Chomper Plante
1%
Sir Nighteye Prévoyance
1%
???/All For One Prolifération
1%
Hanzo Suiden Water control
1%
Tomoyasu Chikazoku Anthropomorphisme
0%
Inko Midoriya Attraction mineure d’objets
0%
Moe Kamiji Blazing hair
0%
High End Bras métamorphes
0%
Uwabami Cheveux serpents
0%
Apocrypha Cryokinésie
0%
One For All Emmagasinage de force
0%
Le Gluant Forme gluante
0%
Gun Head Gatling
0%
??? Étudiant du lycée Seijin Gigantification d’objets
0%
Shuichi Iguchi Goliath
0%
Mahoro Hologramme
0%
Teruo Hazukashi Honte
0%
Backdraft Hydrokinesis
0%
Koukuu Hanabata Incitement
0%
Ending Ligne blanche
0%
Yakuza Manipulation de la feuille
0%
Hoyo Makihara Momification
0%
Muscle Man Muscles chargés
0%
Ichimoku Samazu Optic blaster
0%
Odd Eye Out of limiter
0%
Selkie Phoca iargha
0%
Oxy-Man Production d’oxygène
0%
???/All For One/Tomura Shigaraki Projection
0%
Le Petit Tsubasa/Nomu ailé Pterodactyl
0%
High End Réacteurs scapulaires
0%
???/All For One Rivets
0%
Sajin Higawara Sandstorm
0%
Crust Shield
0%
Kiruka Hasaki Slice
0%
Soga Kugizaki Spike
0%
High End Stockage
0%
Masaru Bakugo Sueur oxydante
0%
Shoko Haimawari Tapette
0%
Aucun quiz correspondant
Distribution des résultats
% des personnes avec chaque résultat
Percentile par nombre de réponses
Votre historique - résultats
Vous n’avez pas pris ce quiz